معر و ف بہ کتا ب ا لا بد ا ل (Record no. 170355)
[ view plain ]
| 000 -LEADER | |
|---|---|
| fixed length control field | 00689nam a22001937a 4500 |
| 005 - DATE AND TIME OF LATEST TRANSACTION | |
| control field | 20191213130941.0 |
| 010 ## - LCCN (DPL NO) | |
| LC control number | A-842584 |
| 020 ## - INTERNATIONAL STANDARD BOOK NUMBER | |
| Terms of availability | 9.00 |
| International Standard Book Number | - |
| 035 ## - SYSTEM CONTROL NUMBER | |
| System control number | A-842584 |
| 037 ## - SOURCE OF ACQUISITION | |
| Source of stock number/acquisition | BPPD |
| 082 ## - DEWEY DECIMAL CLASSIFICATION NUMBER | |
| Classification number | 615.54 |
| 100 ## - MAIN ENTRY--PERSONAL NAME | |
| Personal name | محمد بن ز کر يا ر ا ز ی |
| 245 ## - TITLE STATEMENT | |
| Title | معر و ف بہ کتا ب ا لا بد ا ل |
| Statement of responsibility, etc | محمد بن ز کر يا ر ا ز ی |
| 246 ## - VARYING FORM OF TITLE | |
| Title proper/short title | Maroof Ba Kitab Ala Badal (Urdu) |
| Remainder of title | by Mohd. Bin Zakria Razi |
| 260 ## - PUBLICATION, DISTRIBUTION, ETC. (IMPRINT) | |
| Place of publication, distribution, etc | N.Delhi |
| Date of publication, distribution, etc | 1986 ء |
| Name of publisher, distributor, etc | Central Council For Research In unani Medicean |
| 270 ## - ADDRESS | |
| Address | 5,Panchsheel Shoping Centre |
| City | N.Delhi |
| Telephone number | - |
| Postal code | 110017 |
| 300 ## - PHYSICAL DESCRIPTION | |
| Extent | 95 ص |
| Dimensions | 22 cm(hb) |
| 942 ## - ADDED ENTRY ELEMENTS (KOHA) | |
| Source of classification or shelving scheme | Dewey Decimal Classification |
| Item type | Urdu Bks |
| Classification part | 615.54 |
| Call number suffix | ا ب و |
No items available.
